Goigs del gloriós martyr Sant Llorens : que se cantan en la sua iglesia del lloch de Vilardell que se cantan en la sua iglesia del lloch de Vilardell
Descripción Física:
1 f. : il. ; 43 cm
MARC
| LEADER | 00000nam a2200000Ia 4500 | ||
|---|---|---|---|
| 001 | 23607 | ||
| 008 | 160829s9999 xx 000 0 cat d | ||
| 080 | |a Calaixera A-358 | ||
| 245 | |a Goigs del gloriós martyr Sant Llorens : |b que se cantan en la sua iglesia del lloch de Vilardell | ||
| 260 | |a Mataró : |b Imp. de J. Abadal, [18--?] | ||
| 300 | |a 1 f. : |b il. ; |c 43 cm | ||
| 590 | |a Xilografia amb la imatge de Sant Llorenç flanquejada per dos florons. | ||
| 590 | |a Orla xilogràfica. | ||
| 590 | |a Text a 4 columnes separades per filets. | ||
| 590 | |a En mal estat de conservació. | ||
| 650 | |a Llorenç, sant |x Goigs |9 49015 | ||
| 650 | |a Goigs catalans |x Maresme |9 49004 | ||
| 901 | |a Arxiu | ||
| 942 | |n 1 | ||
| 952 | |0 0 |1 0 |4 0 |6 CALAIXERA_A358 |7 1 |9 55036 |a Arxiu |b Arxiu |d 2012-08-22 |l 0 |o Calaixera A-358 |p 23607 |r 2016-12-01 00:00:00 |w 2016-12-01 |y ARXIU | ||
| 999 | |c 58906 |d 58906 | ||